000 01086cam a22003257a 4500
003 CHAP
005 20220329141925.0
008 980619d1988 mx r 00110 spa d
010 _a75780
011 _a76752
035 _a86341
040 _cCHAP
082 0 4 _a633.34
_bH4
100 0 0 _aHernández Gantes, Víctor M.
_eed.
_954032
245 1 0 _aSoya :
_b12 años de investigación 1975-1987
_c/ed. por Víctor M. Hernández Gantes
260 _aCocula, Gro. :
_bColegio Superior Agropecuario del Estado de Guerrero,
_c1988.
300 _a169 h.
590 _aBATCH-UPD
_b10
_c20130110
_lUCH01
_h0745
590 _aBATCH-UPD
_b10
_c20130410
_lUCH01
_h0426
590 _aBATCH-UPD
_b10
_c20130914
_lUCH01
_h1609
590 _aCONVERSION
_b10
_c20130109
_lUCH01
_h1341
650 1 4 _aSoya como forraje.
_9109101
650 1 4 _aSoya
_xInvestigación.
_9109064
650 1 4 _aSoya
_xRendimiento.
_9109084
650 1 4 _aSoya
_xValor nutritivo.
_9109095
901 _aBK
905 _aLilia Sánchez G.
942 _cLIBRO
949 _a633.34 H4
_bBC
_cLIBRO
_d33724000690889
_eLIBRO
_h92554
_i86341
_si
999 _c75780
_d75780